000 01519 a2200277 4500
001 256
005 20260407155417.0
008 260407a2006 arg spa d
003 AR-UNSa-BCEJYS
040 _aAR-UNSa-BCEJYS
_bspa
_cAR-UNSa-BCEJYS
080 _a658.012.32
_xFormas de organización, de gestión
245 1 0 _aOrganizaciones
_pcomportamiento, estructura, procesos
020 _a978-970-10-5619-6
250 _a12a. ed
264 1 _aMéxico :
_bMcGraw-Hill
_c2006
300 _axviii, 602 p.
_c27 cm
505 _a1. Estudio de las organizaciones 2. Cultura organizacional 3. Globalización 4. Comportamiento individual y diferencias 5. Motivación. Antecedentes y teorías 6. Motivación. Aplicaciones organizacionales 7. Estrés en el lugar de trabajo. Temas y administración 8. Comportamiento de grupos y equipos 9. Conflicto y negociación 10. Poder y política 11. Liderazgo. Fundamentos 12. Liderazgo. Conceptos en surgimiento y en cambio 13. Diseño del puesto 14. Estructura organizacional 15. Administrar los procesos de comunicación 16. Toma de decisiones 17. Manejo del cambio organizacional y el aprendizaje
041 _aspa
942 _cBK
590 _aniveau_biblio:m niveau_hierar:0
100 1 _aGibson, James L.
700 1 _aIvancevich, John M.
700 1 _aDonnelly, James H., Jr.
700 1 _aKonopaske, Robert
856 4 1 _uhttps://biblioeco.unsa.edu.ar/pmb/images/libros/Organizaciones, comportamientos, estructuras, procesos2-l117684.jpg
_yImagen de portada
_qimage/jpeg
999 _c170
_d170